000 01270nam a2200313 i 4500
001 000049167
003 DO-SdBNP
005 20240506202814.0
007 ta
008 190724s2005 dr 000 0 spa d
040 _aDO-SdBNP
_bspa
_cBNPHU
_erda
082 4 _a323
_bR426p0
_222
110 _aRepública Dominicana.
_bSecretaría de Estado de Interior y Policía.
_bPlan de Seguridad Democrática.
_bVoluntariado de la Garantía de los Derechos Ciudadanos.
_954546
245 0 0 _aInstructivo voluntariado de garantía de los derechos ciudadanos y consejos barriales
264 _aSanto Domingo :
_bPlan de Seguridad Democrática,
_c2005.
300 _a24 paginas ;
_c15 cm.
336 _2rdacontent
_atexto
_btxt
337 _2rdamedia
_asin mediación
_bn
338 _2rdacarrier
_avolumen
_bnc
490 0 _aDerechos ciudadanos
_v0
500 _aTítulo tomado de la cubierta
505 _aInstructivo de educación.
_tInstructivo para la supervisión operativa y de ronda,
_t Instructivo sobre las familias.
590 _aInventariado, 2023/DG
650 0 _aDerecho civil
_95702
650 0 _aDesarrollo de la comunidad
_9453
650 4 _aDerechos humanos (Derecho internacional)
_950376
910 _aDG/Validado. Control de calidad MFF
942 _2ddc
_cLF2
999 _c54280
_d54280